| 000 | 00361nam a22001457a 4500 | ||
|---|---|---|---|
| 005 | 20250531125530.0 | ||
| 008 | 250531b |||||||| |||| 00| 0 eng d | ||
| 020 | _a0872432025 | ||
| 050 |
_aBV4400 _bALI |
||
| 100 | _aALISON JAMES O.P | ||
| 245 | _aKNOWING JESUS | ||
| 260 |
_aILLINOIS _bTEMPLEGATE PUBLISHERS _cc1993 |
||
| 300 | _axii,114p | ||
| 942 |
_2lcc _cBK _n0 |
||
| 999 |
_c6102 _d6102 |
||